| 000 | 00990cam a2200277 a 4500 | ||
|---|---|---|---|
| 001 | 19828 | ||
| 003 | BD-RjUL | ||
| 005 | 20211209000501.0 | ||
| 008 | 140225r19601925nyua 000 0 eng d | ||
| 035 | _a(BD-RjUL)19889 | ||
| 040 |
_aDLC _cDLC _beng _dBD-RjUL |
||
| 041 | _aeng | ||
| 082 | 0 | 0 |
_a821.7 _bBLS 1960 |
| 100 | 1 |
_aBlake, William, _d1757-1827. _960896 |
|
| 245 | 1 | 0 |
_aSongs of innocence and experience / _cWilliam Blake. |
| 260 |
_aNew Rochelle : _bPeter Pauper Press, _c1925 [Reprinted 1960] |
||
| 300 |
_a70 p. : _bill. ; _c19 cm. |
||
| 500 | _a"50 copies of this edition, hand-set in Deberny italic, with medallions adapted from engravings by Blake, have been printed on Japanese Shoji paper"--Colophon. | ||
| 561 | _5DLC | ||
| 650 | 0 |
_aSongs _960897 |
|
| 700 | 1 |
_aCowling, George H _960898 |
|
| 942 |
_2ddc _cBK |
||
| 999 |
_c19828 _d19828 |
||